| 000 | 01059nam a22002897a 4500 | ||
|---|---|---|---|
| 005 | 20180308101006.0 | ||
| 010 | _aBAC-EN21 ENG-111897 | ||
| 020 |
_a9789351072195 _c525.00 |
||
| 035 | _aEN-95429 | ||
| 035 | _aB-588699-720 | ||
| 035 | _aB-665103 | ||
| 037 |
_bPrakashan Sansthan/Ven _adpl |
||
| 037 | _bDBAD/PUB | ||
| 082 | _a620.00420285 | ||
| 100 | _aChang, Kuang-Hua | ||
| 245 |
_aProduct design modeling using CAD/CAE / _cby Kuang-Hua Chang |
||
| 260 |
_aNew Delhi _bElsevier _c2014 |
||
| 270 |
_a305, Rohit House,3 Tolstoy Marg _bNew Delhi _e110001 |
||
| 300 |
_axvii,418p. : _c24cm(pbk) _bill. |
||
| 500 | _aIncludes index | ||
| 650 | _aCAD/CAM systems | ||
| 650 | _aComputer-aided design | ||
| 650 | _aComputer-aided engineering | ||
| 942 |
_2ddc _cEN _mCHA _h620.00420285 |
||
| 999 |
_c89161 _d89161 |
||